000 03074nam0a2200469 4500
001 RU\NLR\BIBL_A\011981789
005 20250809113124.0
020 _aRU
_9Ленинград в Великой Отечественной войне. Коллекция. Афиши
035 _a(NLR Aleph) 011981789
090 _a1805
_c1805
100 _a20190405d1943 u y0rusy50 ca
101 0 _arus
102 _aRU
105 _ay z 000zy
135 _acrcn 024anaba
200 1 _aВечер балета. Сентябрь 1943 г. 26 воскресенье
_e[афиша]
_fУправление по делам искусств Исполкома Ленгорсовета, Малый оперный театр (помещение)
210 _a[Ленинград]
_cЛТ УН-9
_d1943
215 _a1 л.
_d44х62
300 _aНачало в 17 часов. Предварительная продажа билетов в кассе театра и в кассе театра "Комедия" ежедневно с 11 часов утра до 8 часов вечера. Верхнее платье снимать обязательно
300 _aЗак. 1416
325 _aКопия доступна в Электрон. б-ке РНБ
327 _aI отделение: Выступление учащихся Ленинградского Государственного Ордена Трудового Красного Знамени Хореографического училища. У рояля - Л.Е. Аркадьева. II отделение: Выступление артистов Балетного коллектива. (Участвуют по алфавиту) Г.В. Алексеева, Н.В. Владимирова, Т.С. Ганус [и др.]. У рояля - Ю.Д. Грейс
606 1 _aТеатральная жизнь
_yЛенинград, город
_z1941 - 1944
_jАфиши
_2nlr_sh2
_3RU\NLR\AUTH\6601649837
686 _aЩ333(2Р=Рус)7-692Ленинград
711 0 2 _aЛенинградский малый театр оперы и балета
_3RU\NLR\AUTH\889923401
852 _aNLR
_jЛ3-330а/9/3/1943-сентябрь(4)
856 0 _uhttp://vivaldi.nlr.ru/la700000469/view
856 1 _uhttp://vivaldi.nlr.ru/la700000469/cover
856 2 _uhttp://vivaldi.nlr.ru/la700000469/text
942 _cVISUAL
945 _aРоссийская национальная библиотека
980 _aNB
980 _aBV
980 3 _akplen
980 3 _akp
981 3 7 _a(37) Ленинград в Великой Отечественной войне
_b(37) Афиши блокадного Ленинграда